000 01558nam2a2200241 4500
001 RU\NLR\PER_A\010495945_000070
005 20250626080957.0
035 _a(NLR Aleph) 011498922
090 _a11986711
_c11986711
100 _a20171018d2017 |||y0rusy50 ca
101 0 _arus
102 _aRU
200 1 _aПолиэлектролиты-2016
210 _d2017
_aБ. м.
461 0 _1001RU\NLR\Per\1071658
_12001#$aВысокомолекулярные соединения$hСерия С$eжурнал теоретической и экспериментальной химии и физики высокомолекулярных соединений$eжурнал Российской академии наук$fРос. акад. наук$vТ. 59, № 1
_910118770
_cМосква
_d2014 -
_fРос. акад. наук
_hСерия С
_nНаука
_oжурнал теоретической и экспериментальной химии и физики высокомолекулярных соединений : журнал Российской академии наук
_tВысокомолекулярные соединения
_x2308-1147
_vТ. 59, № 1
606 1 _aПолиэлектролиты
_jСъезды, совещания и т.п
_9954745
_3RU\NLR\AUTH\6636651
686 1 _aГ713я431(0)
852 _aNLR
_jП8/1852
942 _cISSUE
980 _aNB
980 _aRUSPER